000
00273nam a2200121Ia 4500
008
170620s9999 xx 000 0 und d
100
_a
COOPER AND GUNN'S
245
0
_a
TUTORIAL PHARMACY
260
_b
CBS- DELHI
260
_c
2005
300
_a
469
546
_a
English
690
_a
TUTORIAL PHARMACY
999
_c
30926
_d
30926